000 00358nam a2200145Ia 4500
999 _c2705
_d2705
003 OSt
005 20190916183211.0
008 190902s9999||||xx |||||||||||||| ||und||
040 _cmaju
100 _aProf. Dr. Khawja Amjad Saeed
245 0 _aFinancial Institution In Pakistan
260 _aIndia
_bThe McGraw-Hill
_c1985
300 _a590
942 _cBK
_2ddc